[Event "Taastrup Quick Weekend-A 18th"]
[Site "Taastrup"]
[Date "2013.11.23"]
[Round "2"]
[White "Johansson, Alexander"]
[Black "Alle, Ambjorn"]
[Result "0-1"]
[WhiteElo "2061"]
[BlackElo "2163"]
[PlyCount "126"]
[EventDate "2013.11.22"]
[EventType "tourn"]
[EventRounds "5"]
[EventCountry "DEN"]
[SourceTitle "EXT 2018"]
[Source "ChessBase"]
[SourceDate "2017.10.13"]
[SourceVersion "1"]
[SourceVersionDate "2017.10.13"]
[SourceQuality "1"]

1. d4 d5 2. Nc3 Nf6 3. Bg5 c5 4. Bxf6 gxf6 5. e3 Nc6 6. Qh5 e6 7. 0-0-0 Bd7 8. Nf3 cxd4 9. Nxd4 Nxd4 10. Rxd4 f5 11. g4 Bg7 12. Rd3 fxg4 13. Qxg4 Qf6 14. Rd2 0-0-0 15. Qb4 Bf8 16. Qa5 Kb8 17. Bb5 Bg7 18. Rf1 Qe5 19. Qb4 Qc7 20. Rd3 Qb6 21. a4 Be5 22. Qh4 Bc8 23. f4 Bd6 24. Rfd1 a6 25. a5 Qxa5 26. Ba4 Qc7 27. Bb3 Qe7 28. Qf2 Bc5 29. Na4 Ba7 30. Qd2 Rde8 31. Qa5 Qc7 32. Qb4 Qe7 33. Qa5 b5 34. Nc3 Qc7 35. Qa2 Bb7 36. Kb1 Rd8 37. Ka1 Rhg8 38. Kb1 Rg2 39. h4 Rh2 40. h5 Rh3 41. Re1 Rxh5 42. Ne2 Rg8 43. Nd4 Rh3 44. Rc3 Qd7 45. Rd3 Bxd4 46. Rxd4 Rxe3 47. Red1 Re4 48. Qa3 Rxd4 49. Rxd4 Rg1+ 50. Ka2 Qc7 51. Qf8+ Ka7 52. Qb4 h5 53. f5 Rh1 54. c3 Rf1 55. Bc2 e5 56. Rh4 d4 57. Bd3 Rf3 58. Be2 Rf2 59. Bxb5 dxc3 60. Rc4 Bd5 61. Qxc3 axb5 62. Qe3+ Kb7 63. Qxf2 Qxc4+ 0-1

[Event "Koge Xtracon op"]
[Site "Koge"]
[Date "2013.10.19"]
[Round "8"]
[White "Johansson, Alexander"]
[Black "Rendboe, John Filip"]
[Result "1-0"]
[WhiteElo "2049"]
[BlackElo "2214"]
[PlyCount "67"]
[EventDate "2013.10.14"]
[EventType "swiss"]
[EventRounds "9"]
[EventCountry "DEN"]
[SourceTitle "EXT 2014"]
[Source "ChessBase"]
[SourceDate "2013.11.20"]
[SourceVersion "1"]
[SourceVersionDate "2013.11.20"]
[SourceQuality "1"]

1. d4 d5 2. Nc3 Nf6 3. Bg5 c6 4. f3 Bf5 5. e4 dxe4 6. Bxf6 gxf6 7. fxe4 Bg6 8. Nf3 e6 9. a3 Nd7 10. Bd3 Qc7 11. Qe2 0-0-0 12. 0-0-0 Qa5 13. Na2 Nb6 14. Kb1 Bg7 15. Nd2 Na4 16. h4 h5 17. Nb3 Qc7 18. Rh3 e5 19. d5 Kb8 20. dxc6 Qxc6 21. Nb4 Qc8 22. Nd5 Qg4 23. Qe1 Rd6 24. Ne3 Qd7 25. Qb4 Rb6 26. Qa5 Rd8 27. Nd5 Rxb3 28. cxb3 Nc5 29. Bc2 Nxe4 30. Bxe4 Bxe4+ 31. Ka2 Qe6 32. Re3 f5 33. Rxe4 fxe4 34. Nc7 1-0

[Event "Koge Xtracon op"]
[Site "Koge"]
[Date "2013.10.18"]
[Round "6"]
[White "Johansson, Alexander"]
[Black "Kokholm, Daniel"]
[Result "1/2-1/2"]
[WhiteElo "2049"]
[BlackElo "1905"]
[PlyCount "59"]
[EventDate "2013.10.14"]
[EventType "swiss"]
[EventRounds "9"]
[EventCountry "DEN"]
[SourceTitle "EXT 2014"]
[Source "ChessBase"]
[SourceDate "2013.11.20"]
[SourceVersion "1"]
[SourceVersionDate "2013.11.20"]
[SourceQuality "1"]

1. d4 d6 2. c4 Nf6 3. Nc3 Nbd7 4. Nf3 e5 5. g3 c6 6. Bg2 Be7 7. 0-0 0-0 8. dxe5 dxe5 9. Qc2 Qc7 10. Rd1 Rd8 11. Nh4 Nf8 12. Rxd8 Qxd8 13. Nf5 Bc5 14. Na4 Bxf5 15. e4 Bxf2+ 16. Qxf2 Qd1+ 17. Bf1 Bh3 18. Nc3 Qxf1+ 19. Qxf1 Bxf1 20. Kxf1 Ne6 21. b4 Rd8 22. a4 Rd4 23. b5 Rxc4 24. Bd2 Nxe4 25. Nxe4 Rxe4 26. bxc6 bxc6 27. a5 Rd4 28. Be3 Rd7 29. Rb1 f6 30. a6 1/2-1/2

[Event "Koge Xtracon op"]
[Site "Koge"]
[Date "2013.10.17"]
[Round "4"]
[White "Johansson, Alexander"]
[Black "Akesson, Ralf"]
[Result "0-1"]
[WhiteElo "2049"]
[BlackElo "2465"]
[PlyCount "56"]
[EventDate "2013.10.14"]
[EventType "swiss"]
[EventRounds "9"]
[EventCountry "DEN"]
[SourceTitle "EXT 2014"]
[Source "ChessBase"]
[SourceDate "2013.11.20"]
[SourceVersion "1"]
[SourceVersionDate "2013.11.20"]
[SourceQuality "1"]

1. d4 Nf6 2. Nc3 d5 3. Bg5 c6 4. f3 h6 5. Bxf6 exf6 6. e4 Bb4 7. Nge2 dxe4 8. fxe4 f5 9. exf5 Bxf5 10. Ng3 Bg6 11. Be2 0-0 12. 0-0 Qg5 13. Nce4 Qe3+ 14. Nf2 Nd7 15. Kh1 Bd6 16. Nh5 Rae8 17. Bg4 f5 18. Bf3 Nb6 19. c3 Bf7 20. Qc2 Bc4 21. Rfd1 Bd5 22. Bxd5+ Nxd5 23. Nh3 Qe2 24. Qb3 Qxh5 25. c4 Re3 26. Qxb7 Rxh3 27. gxh3 Qf3+ 28. Kg1 Nf4 0-1

[Event "Koge Xtracon op"]
[Site "Koge"]
[Date "2013.10.16"]
[Round "3"]
[White "Elzubeir, Omar"]
[Black "Johansson, Alexander"]
[Result "0-1"]
[WhiteElo "1448"]
[BlackElo "2049"]
[PlyCount "52"]
[EventDate "2013.10.14"]
[EventType "swiss"]
[EventRounds "9"]
[EventCountry "DEN"]
[SourceTitle "EXT 2014"]
[Source "ChessBase"]
[SourceDate "2013.11.20"]
[SourceVersion "1"]
[SourceVersionDate "2013.11.20"]
[SourceQuality "1"]

1. e4 c5 2. Nf3 g6 3. Bc4 Nc6 4. c3 Bg7 5. 0-0 Nf6 6. e5 Ng4 7. Bxf7+ Kxf7 8. Ng5+ Ke8 9. Qxg4 Nxe5 10. Qe2 h6 11. Nf3 Qc7 12. Nxe5 Bxe5 13. g3 b6 14. Re1 Bf6 15. Qe4 Bb7 16. Qxg6+ Kd8 17. d3 Qc6 18. Qe4 d5 19. Qg2 Qd7 20. d4 cxd4 21. cxd4 Bxd4 22. Nc3 Rf8 23. Be3 Bxc3 24. bxc3 d4 25. Qf1 Qc6 26. f4 Qh1+ 0-1

[Event "Gothenburg Elo"]
[Site "Gothenburg"]
[Date "2008.08.04"]
[Round "3"]
[White "Johansson, Alexander"]
[Black "Johansson, Robin1111"]
[Result "1/2-1/2"]
[WhiteElo "2060"]
[BlackElo "2047"]
[PlyCount "104"]
[EventDate "2008.08.02"]
[EventType "tourn"]
[EventRounds "9"]
[EventCountry "SWE"]
[SourceTitle "CBM 125 Extra"]
[Source "ChessBase"]
[SourceDate "2008.09.01"]
[SourceVersion "1"]
[SourceVersionDate "2008.09.01"]
[SourceQuality "1"]

1. d4 Nf6 2. Nf3 g6 3. Nc3 Bg7 4. Bf4 0-0 5. e3 d6 6. Be2 Nbd7 7. Qd2 c6 8. 0-0 Rb8 9. a4 Re8 10. Rfd1 Nf8 11. h3 Ne6 12. Bh2 Bd7 13. e4 c5 14. d5 Nc7 15. e5 dxe5 16. Bxe5 Rc8 17. d6 exd6 18. Qxd6 Na8 19. Qd2 Bc6 20. Qc1 Qa5 21. Qg5 Ne4 22. Nxe4 Bxe4 23. Bc4 Nb6 24. Bxg7 Kxg7 25. Bb5 Re6 26. c3 h6 27. Qd2 c4 28. Qd4+ Kg8 29. Ne5 a6 30. Qxe4 axb5 31. Qf4 Rf8 32. Nd7 Nxd7 33. Rxd7 bxa4 34. Rxb7 Qa6 35. Rc7 Rc6 36. Re7 Qb5 37. Qd2 Rb6 38. Re2 Qc6 39. Qxh6 Rfb8 40. Qc1 Rb3 41. Rc2 Qb5 42. Qf4 Rc8 43. Qd2 Rb8 44. Qd4 Ra8 45. Qd2 Rb8 46. g3 Kg7 47. Qd4+ Kg8 48. h4 Qc6 49. Qd2 Qb5 50. Qd4 Qc6 51. Qd2 Qb5 52. Qd4 Qc6 1/2-1/2

[Event "Gothenburg Elo"]
[Site "Gothenburg"]
[Date "2008.08.02"]
[Round "1"]
[White "Johansson, Alexander"]
[Black "Wihlborn, Bengt"]
[Result "1-0"]
[WhiteElo "2060"]
[BlackElo "1904"]
[PlyCount "93"]
[EventDate "2008.08.02"]
[EventType "tourn"]
[EventRounds "9"]
[EventCountry "SWE"]
[SourceTitle "CBM 125 Extra"]
[Source "ChessBase"]
[SourceDate "2008.09.01"]
[SourceVersion "1"]
[SourceVersionDate "2008.09.01"]
[SourceQuality "1"]

1. d4 d6 2. Nf3 Bg4 3. c4 c6 4. Nc3 Nd7 5. g3 e5 6. Bg2 Ngf6 7. dxe5 dxe5 8. 0-0 Be7 9. Be3 0-0 10. Qc2 Qc7 11. Rad1 Rfe8 12. Nh4 Be6 13. b3 Ng4 14. Nf5 Nxe3 15. fxe3 Bf8 16. Ne4 Nc5 17. Nh6+ Kh8 18. Ng5 e4 19. Nhxf7+ Bxf7 20. Nxf7+ Kg8 21. b4 Nd7 22. Bxe4 Nf6 23. Rxf6 gxf6 24. Bxh7+ Kxf7 25. Qg6+ Ke7 26. Bg8 Qd6 27. Qf7+ Kd8 28. Rxd6+ Bxd6 29. Qxf6+ Be7 30. Qd4+ Kc7 31. Bf7 Rf8 32. Be6 Rad8 33. Qe5+ Bd6 34. Qg7+ Kb8 35. c5 Bc7 36. Bf7 Rd1+ 37. Kf2 Rfd8 38. Bg6 a5 39. a3 axb4 40. axb4 R1d5 41. h4 Be5 42. Qe7 Bc3 43. Qe4 Rf8+ 44. Kg2 Be1 45. Kh3 Rf1 46. b5 Rxc5 47. b6 1-0

[Event "Politiken Cup 30th"]
[Site "Helsingor"]
[Date "2008.07.27"]
[Round "10"]
[White "Eriksen, Terje"]
[Black "Johansson, Alexander"]
[Result "1-0"]
[WhiteElo "2190"]
[BlackElo "2060"]
[PlyCount "49"]
[EventDate "2008.07.19"]
[EventType "swiss"]
[EventRounds "10"]
[EventCountry "DEN"]
[SourceTitle "CBM 125 Extra"]
[Source "ChessBase"]
[SourceDate "2008.09.01"]
[SourceVersion "1"]
[SourceVersionDate "2008.09.01"]
[SourceQuality "1"]

1. Nf3 c5 2. c4 Nf6 3. Nc3 Nc6 4. g3 d5 5. d4 cxd4 6. Nxd4 e5 7. Nxc6 bxc6 8. Bg2 Be6 9. Qa4 Qd7 10. Bg5 Rb8 11. Bxf6 Rb4 12. Qa5 gxf6 13. cxd5 cxd5 14. Bxd5 Rxb2 15. a3 Be7 16. 0-0 0-0 17. Bxe6 fxe6 18. Rfd1 Qb7 19. Qa4 Bc5 20. Rd7 Bxf2+ 21. Kxf2 Qb6+ 22. Kf1 f5 23. Qh4 Rf7 24. Qg5+ Kf8 25. Rd8+ 1-0

[Event "Politiken Cup 30th"]
[Site "Helsingor"]
[Date "2008.07.21"]
[Round "4"]
[White "Johansson, Alexander"]
[Black "Hanssen, Gunnar Berg"]
[Result "1/2-1/2"]
[WhiteElo "2060"]
[BlackElo "2232"]
[PlyCount "92"]
[EventDate "2008.07.19"]
[EventType "swiss"]
[EventRounds "10"]
[EventCountry "DEN"]
[SourceTitle "CBM 125 Extra"]
[Source "ChessBase"]
[SourceDate "2008.09.01"]
[SourceVersion "1"]
[SourceVersionDate "2008.09.01"]
[SourceQuality "1"]

1. d4 Nf6 2. c4 c5 3. d5 b5 4. cxb5 a6 5. b6 Qxb6 6. Nc3 d6 7. e4 g6 8. Be2 Bg7 9. Nf3 0-0 10. 0-0 Bg4 11. h3 Bxf3 12. Bxf3 Nbd7 13. Rb1 Rfb8 14. Kh1 a5 15. Be3 a4 16. Nxa4 Qb4 17. Nc3 Ne8 18. Qc2 Nc7 19. Be2 Ne5 20. Bg5 Kf8 21. Qc1 Nc4 22. Bh6 Bxh6 23. Qxh6+ Kg8 24. Bxc4 Qxc4 25. Qg5 f6 26. Qg4 Nb5 27. Qe6+ Kf8 28. Nxb5 Rxb5 29. e5 Qf4 30. Qd7 Rab8 31. exf6 Qxf6 32. Rbe1 R5b7 33. Qg4 Rxb2 34. Re6 Qf5 35. Qh4 Rb1 36. Qxe7+ Kg8 37. Ree1 Rxe1 38. Rxe1 Qxf2 39. Qe6+ Kh8 40. a4 c4 41. a5 c3 42. a6 c2 43. a7 Qxa7 44. Qxd6 Qb6 45. Qe5+ Kg8 46. d6 Rf8 1/2-1/2

[Event "SWE-chB"]
[Site "Vadso"]
[Date "2008.07.08"]
[Round "10"]
[White "Berggren, Jonatan"]
[Black "Johansson, Alexander"]
[Result "1-0"]
[WhiteElo "2102"]
[BlackElo "2046"]
[PlyCount "53"]
[EventDate "2008.06.28"]
[EventType "tourn"]
[EventRounds "13"]
[EventCountry "SWE"]
[SourceTitle "CBM 125 Extra"]
[Source "ChessBase"]
[SourceDate "2008.09.01"]
[SourceVersion "1"]
[SourceVersionDate "2008.09.01"]
[SourceQuality "1"]

1. e4 c5 2. Nc3 d6 3. g3 Nf6 4. Bg2 Nc6 5. d3 g6 6. f4 Bg7 7. Nf3 0-0 8. 0-0 Bg4 9. h3 Bd7 10. g4 Qc8 11. Ne2 h5 12. g5 Nh7 13. Kh2 f6 14. f5 Nxg5 15. Nh4 Ne5 16. Nf4 gxf5 17. exf5 Bc6 18. Bd5+ Bxd5 19. Nxd5 Rf7 20. Qxh5 Bf8 21. Bxg5 Rh7 22. Bh6 Bxh6 23. Nxe7+ Rxe7 24. Qxh6 Rg7 25. Rg1 Ng4+ 26. Rxg4 Rxg4 27. hxg4 1-0

[Event "SWE-chB"]
[Site "Vadso"]
[Date "2008.07.06"]
[Round "8"]
[White "Rouhani, Arash"]
[Black "Johansson, Alexander"]
[Result "1/2-1/2"]
[WhiteElo "1995"]
[BlackElo "2046"]
[PlyCount "69"]
[EventDate "2008.06.28"]
[EventType "tourn"]
[EventRounds "13"]
[EventCountry "SWE"]
[SourceTitle "CBM 125 Extra"]
[Source "ChessBase"]
[SourceDate "2008.09.01"]
[SourceVersion "1"]
[SourceVersionDate "2008.09.01"]
[SourceQuality "1"]

1. e4 c5 2. Nc3 d6 3. f4 Nf6 4. Nf3 Nc6 5. Bb5 g6 6. 0-0 Bg7 7. d3 0-0 8. Qe1 Bg4 9. Bxc6 bxc6 10. Ng5 Qd7 11. h3 h6 12. Nf3 Bxf3 13. Rxf3 Rab8 14. f5 g5 15. g4 e6 16. Qg3 Qe7 17. Kh1 Nd7 18. Rf2 Bd4 19. Rg2 Rb7 20. Nd1 d5 21. c3 Bf6 22. Be3 dxe4 23. dxe4 exf5 24. exf5 Re8 25. Bg1 Qe4 26. Qe3 Qxe3 27. Nxe3 Ne5 28. Rd1 Kg7 29. Bh2 Rbe7 30. Bxe5 Rxe5 31. Nc4 Rd5 32. Rgd2 Red8 33. Kg2 h5 34. Kf3 Kh6 35. Ke4 1/2-1/2

[Event "SWE-chB"]
[Site "Vadso"]
[Date "2008.06.29"]
[Round "2"]
[White "Westerberg, Jonathan"]
[Black "Johansson, Alexander"]
[Result "0-1"]
[WhiteElo "1896"]
[BlackElo "2046"]
[PlyCount "70"]
[EventDate "2008.06.28"]
[EventType "tourn"]
[EventRounds "13"]
[EventCountry "SWE"]
[SourceTitle "CBM 125 Extra"]
[Source "ChessBase"]
[SourceDate "2008.09.01"]
[SourceVersion "1"]
[SourceVersionDate "2008.09.01"]
[SourceQuality "1"]

1. e4 c5 2. Nf3 d6 3. Bb5+ Bd7 4. Bxd7+ Qxd7 5. c4 Nf6 6. Nc3 Nc6 7. 0-0 g5 8. e5 dxe5 9. Re1 Qf5 10. Qa4 0-0-0 11. Nxe5 Nxe5 12. Qxa7 Nc6 13. Qa8+ Kc7 14. Nb5+ Kb6 15. Qa4 Ne4 16. f3 Nxd2 17. Re3 Bg7 18. Bxd2 Rxd2 19. Rb3 Nb4 20. Ra3 Be5 21. Qa5+ Kc6 22. Na7+ Kd7 23. Qb5+ Ke6 24. Qb6+ Rd6 25. Qxb7 Qf4 26. g3 Qd4+ 27. Kh1 Qxb2 28. Re1 Qxa3 29. Nb5 Qxa2 30. Qe4 Nd3 31. Nc7+ Kf6 32. Ne8+ Rxe8 33. Qxh7 Nxe1 34. Qh6+ Kf5 35. g4+ Kf4 0-1

[Event "Copenhagen Challenge"]
[Site "Ballerup"]
[Date "2008.04.19"]
[Round "7"]
[White "Grandelius, Nils"]
[Black "Johansson, Alexander"]
[Result "1-0"]
[WhiteElo "2388"]
[BlackElo "2046"]
[PlyCount "77"]
[EventDate "2008.04.16"]
[EventType "swiss"]
[EventRounds "9"]
[EventCountry "DEN"]
[SourceTitle "CBM 123 Extra"]
[Source "ChessBase"]
[SourceDate "2008.05.06"]
[SourceVersion "1"]
[SourceVersionDate "2008.05.06"]
[SourceQuality "1"]

1. d4 d5 2. c4 e6 3. Nf3 f5 4. Qc2 Nf6 5. Bf4 c6 6. Nc3 Bd6 7. Bxd6 Qxd6 8. e3 a6 9. Bd3 Nbd7 10. cxd5 cxd5 11. 0-0 0-0 12. Ne2 Ne4 13. Rac1 Rf6 14. Qc7 Qe7 15. Ne5 Nd6 16. Qa5 Rh6 17. Rc7 Ne8 18. Rc2 Nxe5 19. dxe5 Qh4 20. h3 Bd7 21. Nd4 Rg6 22. Bxf5 exf5 23. Qxd5+ Kh8 24. Qxd7 Qe4 25. g3 Qxe5 26. Qxf5 Qd6 27. Rc8 Rf6 28. Rxa8 Rxf5 29. Nxf5 Qd7 30. Nd6 h6 31. Nxe8 Kh7 32. Rc1 h5 33. h4 Qd5 34. Rac8 Qxa2 35. R8c7 Qxb2 36. Rxg7+ Kh8 37. Rcc7 Qb1+ 38. Kh2 b5 39. Nf6 1-0

[Event "Copenhagen Challenge"]
[Site "Ballerup"]
[Date "2008.04.19"]
[Round "6"]
[White "Olsson, Linus"]
[Black "Johansson, Alexander"]
[Result "1-0"]
[WhiteElo "2372"]
[BlackElo "2046"]
[PlyCount "57"]
[EventDate "2008.04.16"]
[EventType "swiss"]
[EventRounds "9"]
[EventCountry "DEN"]
[SourceTitle "CBM 123 Extra"]
[Source "ChessBase"]
[SourceDate "2008.05.06"]
[SourceVersion "1"]
[SourceVersionDate "2008.05.06"]
[SourceQuality "1"]

1. Nf3 d5 2. g3 e6 3. Bg2 Bd6 4. 0-0 f5 5. d3 Nf6 6. c4 0-0 7. Nc3 c6 8. e4 Nbd7 9. Bg5 dxe4 10. dxe4 Qc7 11. Nd4 Ne5 12. Bxf6 gxf6 13. exf5 exf5 14. Ndb5 cxb5 15. Nxb5 Qg7 16. Nxd6 Kh8 17. f4 Ng4 18. Qd4 h5 19. Rf3 Bd7 20. Rb3 Bc6 21. Bxc6 bxc6 22. Rb7 Qg6 23. Re1 Rab8 24. Rxa7 c5 25. Qd2 Ne5 26. fxe5 fxe5 27. Rxe5 f4 28. Rxh5+ Kg8 29. Qd5+ 1-0

[Event "Politiken Cup 29th"]
[Site "Copenhagen"]
[Date "2007.07.27"]
[Round "8"]
[White "Johansson, Alexander"]
[Black "Vas, Peter1111"]
[Result "1-0"]
[WhiteElo "2028"]
[BlackElo "2166"]
[PlyCount "81"]
[EventDate "2007.07.21"]
[EventType "swiss"]
[EventRounds "10"]
[EventCountry "DEN"]
[SourceTitle "CBM 119 Extra"]
[Source "ChessBase"]
[SourceDate "2007.09.04"]
[SourceVersion "1"]
[SourceVersionDate "2007.09.04"]
[SourceQuality "1"]

1. d4 d5 2. c4 c6 3. Nf3 Nf6 4. e3 e6 5. Bd3 dxc4 6. Bxc4 b5 7. Bd3 a6 8. Nc3 Nbd7 9. a4 b4 10. Ne4 Bb7 11. 0-0 c5 12. Nxf6+ Nxf6 13. a5 Qd5 14. Re1 Ne4 15. Bf1 Bd6 16. Nd2 Nxd2 17. Bxd2 0-0 18. Rc1 cxd4 19. e4 Qxa5 20. Bc4 e5 21. Qg4 Bc8 22. Qg3 Qd8 23. Bd5 Ra7 24. Bg5 Be7 25. Bh6 Bf6 26. h4 Kh8 27. Bg5 Bd7 28. f4 exf4 29. Qxf4 Bxg5 30. hxg5 Qb6 31. e5 Be6 32. Rc6 Qd8 33. Rd6 Rd7 34. Bxe6 Rxd6 35. exd6 fxe6 36. Qxd4 Qd7 37. Rc1 Rg8 38. Rc7 Qd8 39. Qe5 Qb8 40. Qc5 Qf8 41. d7 1-0

[Event "Ceriano Laghetto op-A"]
[Site "Ceriano Laghetto"]
[Date "2007.03.30"]
[Round "1"]
[White "Johansson, Alexander"]
[Black "Valsecchi, Alessio"]
[Result "1/2-1/2"]
[WhiteElo "2018"]
[BlackElo "2096"]
[PlyCount "110"]
[EventDate "2007.03.30"]
[EventType "swiss"]
[EventRounds "5"]
[EventCountry "ITA"]
[SourceTitle "EXT 2008"]
[Source "ChessBase"]
[SourceDate "2007.11.25"]
[SourceVersion "1"]
[SourceVersionDate "2007.11.25"]
[SourceQuality "1"]

1. d4 Nf6 2. Nf3 g6 3. Bg5 Bg7 4. Nc3 c5 5. Qd2 cxd4 6. Nxd4 Nc6 7. Nb3 d6 8. 0-0-0 0-0 9. e4 Be6 10. Bxf6 Bxf6 11. Nd5 Bg7 12. Kb1 a6 13. h4 b5 14. h5 Rc8 15. f4 a5 16. h6 Bh8 17. f5 Bxd5 18. exd5 Ne5 19. Nd4 Qb6 20. Rh3 Rc5 21. fxg6 fxg6 22. Ne6 Rf5 23. Nxc5 Qxc5 24. Qxa5 Qd4 25. Be2 Qe4 26. Bf3 Nxf3 27. Rxf3 Rxf3 28. gxf3 Qxf3 29. Re1 Bf6 30. Qxb5 Kf7 31. a4 g5 32. a5 g4 33. a6 g3 34. a7 Qf2 35. a8Q Qxe1+ 36. Ka2 Kg6 37. Qd3+ Kxh6 38. Qf8+ Kg5 39. Qg8+ Kf4 40. Qc4+ Kf3 41. Qgg4+ Kg2 42. c3 Kg1 43. Qd3 g2 44. Qgf3 Be5 45. Qc2 Qf1 46. Qe3+ Kh1 47. Qxh7+ Bh2 48. Qhe4 Qa6+ 49. Kb3 Qf1 50. Kc2 Be5 51. b4 Bh2 52. Q3f3 Kg1 53. b5 Qf2+ 54. Qxf2+ Kxf2 55. Qd4+ Kf3 1/2-1/2

[Event "Bergamo op 19th"]
[Site "Bergamo"]
[Date "2007.01.14"]
[Round "3"]
[White "Stella, Andrea"]
[Black "Johansson, Alexander"]
[Result "1-0"]
[WhiteElo "2084"]
[BlackElo "2018"]
[PlyCount "51"]
[EventDate "2007.01.13"]
[EventType "swiss"]
[EventRounds "6"]
[EventCountry "ITA"]
[SourceTitle "EXT 2009"]
[Source "ChessBase"]
[SourceDate "2008.11.26"]
[SourceVersion "1"]
[SourceVersionDate "2008.11.26"]
[SourceQuality "1"]

1. c4 Nf6 2. Nc3 e5 3. g3 c6 4. d4 exd4 5. Qxd4 Be7 6. Bg2 0-0 7. e4 d6 8. Nge2 Na6 9. 0-0 Ng4 10. b3 Bf6 11. Qd2 Nc5 12. Bb2 Ne5 13. Rad1 Qb6 14. h3 Bxh3 15. Na4 Nxa4 16. Bxe5 Bxg2 17. Bxf6 gxf6 18. Kxg2 Nc5 19. f3 Ne6 20. Qh6 Rfe8 21. Rh1 Ng5 22. Nd4 Re5 23. f4 Rxe4 24. fxg5 Rxd4 25. Qxh7+ Kf8 26. Qh8+ 1-0